000 01509nam0a22003131 4500
001 rc\4178713
005 20130415192113.7
021 _aRU
_b[52-6874]
035 _a(NLR Aleph) 008188789
090 _a7962216
_c7962216
100 _a20130415d1952 |||y0rusy50 ca
101 0 _arus
102 _aRU
105 _aa z |||||
200 1 _aСостояние теории химического строения в органической химии
_eВсесоюз. совещание 11-14 июня 1951 г.
_eСтеногр. отчет
_f[Отв. ред. канд. хим. наук К.Т. Порошин]
_gАкад. наук СССР. Отд-ние хим. наук
210 _aМосква
_cИзд-во Акад. наук СССР
_d1952
215 _a440 с., 1 л. ил.
_cил.
_d26
300 _aНа корешке: Совещание по теории химического строения
516 0 _aСовещание по теории химического строения
606 _aАтомы
_xСтроение
_2psbo
606 _aОрганические соединения
_xСтроение
_2psbo
606 _aМолекулы
_xСтроение
_2psbo
702 1 _aПорошин
_bК. Т.
_4340
710 1 2 _aСовещание по теории химического строения в органической химии (1951; Москва)
801 0 _aRU
_bNLR
_gpsbo
801 1 _aRU
_bELAR
_2rusmarc
852 _aNLR
_jХ02 Г-7/54
942 _cBOOK
980 _aNB